000 00393nam a22001337a 4500
008 220125b ||||| |||| 00| 0 eng d
020 _a9789386602077
082 _a342.54
_b1
100 _aMellalli Praveenkumar
_97531
245 _aConstitution of India,Professional Ethics and Human Rights (Hindi Book)
260 _aNew Delhi
_bSAGE Publications
_c2015
300 _a204.P
942 _2ddc
_cBK
999 _c11959
_d11959